| 000 | 00354nam a22001337a 4500 | ||
|---|---|---|---|
| 020 | _qHB. | ||
| 040 | _cFIZZA ISHAQ | ||
| 082 |
_a530 _bTHO |
||
| 100 |
_aTHORNTON,& GAS FISHBANE. _9130485 |
||
| 245 |
_aPHYSICS FOR SCIENTISTS & ENGINEERS / _cFISHBANE GAS & THORNTON. |
||
| 260 |
_aNEW YORK; _bNEW JERSEY, _c1993. |
||
| 300 | _a1236 P. ; | ||
| 942 |
_2ddc _cBK |
||
| 999 |
_c614675 _d614675 |
||